000 00748cam a22002055a 4500
001 L150321
008 100628e2010 xxk 000 0 eng d
035 _a(Sirsi) u150321
041 0 _aeng
100 1 _aTaylor, Richard
100 1 _aRawlinson, Simon
245 0 0 _aCost model
_bshopping centre refurbs
260 _c2010
490 _aBuilding
_v275 (8634) 18 June 2010, 50-56(7)
520 _aShopping centres hit by the recession need to prepare for the upturn; includes overview, performance and potential for refurbishment, drivers for refurbishment, maximising benefits from refurbishment investments, and a cost breakdown.
590 _aKA
651 4 _aUnited Kingdom
_y
690 _aBUILT ENVIRONMENT-BUILDING COSTS
942 _n0
999 _c82459
_d82459